00240 a2200109 4500003000500000005001700005040000900022082001100031245003300042440003300075538002200108Nust20170207154231.0 cNust a371.33 aBeyond Enemy Lines (VHS-392) aBeyond Enemy Lines (VHS-392) aDuration Mins 100